| 000 -ლიდერი |
| ფიქსირებული სიგრძის საკონტროლო ველი |
01015nam a2200241Ia 4500 |
| 001 - საკონტროლო ნომერი |
| საკონტროლო ველი |
23446 |
| 003 - საკონტროლო ნომრის იდენტიფიკატორი |
| საკონტროლო ველი |
GE_BSU |
| 005 - ბოლო ოპერაციის თარიღი და დრო |
| საკონტროლო ველი |
20230518155417.0 |
| 008 - ფიქსირებული სიგრძის მონაცემთა ელემენტები - ზოგადი ინფორმაცია |
| ფიქსირებული სიგრძის საკონტროლო ველი |
181216s1989ge xx |||||||||||||| ||geo|| |
| 020 ## - წიგნის საერთაშორისო სტანდარტული ნომერი |
| International Standard Book Number |
5-511-00339-5 |
| 040 ## - კატალოგიზაციის წყარო |
| Transcribing agency |
GE_BSU |
| 041 ## - ენის კოდი |
| Language code of text/sound track or separate title |
geo |
| 080 ## - უნივერსალური ათობითი კლასიფიკაციის ინდექსი |
| Universal Decimal Classification number |
94(37)(092) ს-26 |
| 100 ## - მთავარი ჩანაწერი - პიროვნების სახელი |
| Personal name |
სანიკიძე, ლევან |
| 9 (RLIN) |
18123 |
| 245 ## - ცნობა სათაურის შესახებ |
| Title |
კეისარიადა / |
| Statement of responsibility, etc |
ლევან სანიკიძე, რედ. ნ. ლომოური. მხატვ. ი. ჩიქვინიძე |
| 264 ## - წარმოების, გამოცემის, დისტრიბუციის და სხვა ცნობები |
| გამოცემის, წარმოების, დისტრიბუციის... ადგილი |
თბილისი : |
| გამოცემის, წარმოების, დისტრიბუციის... სახელწოდება |
თბილ. უნ-ტის გამ-ბა, |
| გამოცემის, წარმოების, დისტრიბუციის... თარიღი |
1989. |
| 300 ## - ფიზიკური აღწერა |
| Extent |
335 გვ. ; |
| Other physical details |
25 სმ. |
| 653 ## - INDEX TERM--UNCONTROLLED |
| Uncontrolled term |
კეისარიადა |
| 653 ## - INDEX TERM--UNCONTROLLED |
| Uncontrolled term |
ძველი რომის ისტორია; იულიუს კეისარი |
| 700 ## - ADDED ENTRY--PERSONAL NAME |
| Personal name |
ლომოური, ნ |
| Relator term |
რედაქტორი |
| 9 (RLIN) |
18124 |
| 700 ## - ADDED ENTRY--PERSONAL NAME |
| Personal name |
ჩიქვინიძე, ი |
| Relator term |
მხატვარი |
| 9 (RLIN) |
8262 |
| 942 ## - ADDED ENTRY ELEMENTS (KOHA) |
| Koha item type |
წიგნი |
| Source of classification or shelving scheme |
|